Poznanie v politike EÚ - akcelerátor spoločenského vývoja
Lisabonská stratégia. Európska iniciatíva pre rast. Budovanie Európskeho výskumného a vzdelávacieho priestoru. Nástroje na uplatňovanie politiky EÚ v oblasti poznania. Slovensko v kontexte politiky EÚ v oblasti poznania.
Gespeichert in:
| 1. Verfasser: | |
|---|---|
| Format: | Buchkapitel |
| Sprache: | Slowakisch |
| Schlagworte: | |
| Tags: |
Keine Tags, Fügen Sie das erste Tag hinzu!
|
MARC
| LEADER | 00000naa$a2200000$$$4500 | ||
|---|---|---|---|
| 001 | 0003943 | ||
| 005 | 20230825103207.7 | ||
| 041 | 0 | |a slo | |
| 044 | |a SK | ||
| 245 | 1 | 0 | |a Poznanie v politike EÚ - akcelerátor spoločenského vývoja |c aut. Vladimír Šucha |
| 520 | |a Lisabonská stratégia. Európska iniciatíva pre rast. Budovanie Európskeho výskumného a vzdelávacieho priestoru. Nástroje na uplatňovanie politiky EÚ v oblasti poznania. Slovensko v kontexte politiky EÚ v oblasti poznania. | ||
| 610 | 2 | 0 | |a výskum |
| 610 | 2 | 0 | |a vzdelávanie |
| 610 | 2 | 0 | |a technológie komunikačné |
| 610 | 2 | 0 | |a transfer technológie |
| 610 | 2 | 0 | |a Slovensko |
| 610 | 2 | 0 | |a výdavky |
| 610 | 2 | 0 | |a Európska únia |
| 100 | 1 | |a Šucha, Vladimír | |